|
|
|
|
| LEADER |
00000nam0a2200000 4500 |
| 001 |
100204 |
| 005 |
20231031112043.0 |
| 035 |
|
|
|a (RuTPU)RU\TPU\book\107787
|
| 090 |
|
|
|a 100204
|
| 100 |
|
|
|a 20060817d1969 km y0rusy50 ca
|
| 101 |
0 |
|
|a rus
|a eng
|
| 102 |
|
|
|a RU
|
| 105 |
|
|
|a y e 000zy
|
| 200 |
1 |
|
|a Краткий англо-русский философский словарь
|f сост. П. В. Царев
|
| 210 |
|
|
|a Москва
|c Изд-во МГУ
|d 1969
|
| 215 |
|
|
|a 318 с.
|
| 610 |
1 |
|
|a словари
|
| 610 |
1 |
|
|a философия
|
| 610 |
1 |
|
|a английский язык
|
| 610 |
1 |
|
|a англо-русские словари
|
| 610 |
1 |
|
|a терминологические словари
|
| 686 |
|
|
|a Ш143.21
|v LBC/SL-A
|2 rubbk
|
| 702 |
|
1 |
|a Царев
|b П. В.
|4 220
|
| 801 |
|
1 |
|a RU
|b 63413507
|c 20060817
|g PSBO
|
| 801 |
|
2 |
|a RU
|b 63413507
|c 20180614
|g RCR
|
| 942 |
|
|
|c BK
|